000 00753nam a22002177a 4500
999 _c3105
_d3105
003 AR-CdUCM
008 190305b ||||| |||| 00| 0 spa d
040 _aMUNICIPALIDAD PROVINCIAL DEL CUSCO
_cBIBLIOTECA MUNICIPAL DEL CUSCO
082 _a869.56 /
_bB616
100 _aBoza Vega, Adriel
_93020
245 _aMito, Poesía y Teatro /
260 _aLima :
_b[s.n.],
_c2010.
300 _a129 Páginas ;
_c20 cm.
505 _aContenido: Mito, leyenda y fábula -- Mitología indígena comparada "La divina comedia" -- Así llegó a tomar el nombre santo tomás -- El zorro y el niño Jesús...
650 _aLeyendas
_92226
650 _aPerú
_935
650 _aChumbivilcas
_910499
650 _aCusco
_9772
942 _2ddc
_cLIBROS
945 _adavv